Architektúry informačných systémov v inteligentných dopravných systémoch
Saved in:
| Main Author: | |
|---|---|
| Other Authors: | |
| Format: | Manuscript Book |
| Language: | Slovak |
| Published: |
2025
|
| Subjects: | |
| Online Access: | http://is.stuba.sk/zp/portal_zp.pl?podrobnosti=184053 |
| Tags: |
No Tags, Be the first to tag this record!
|
MARC
| LEADER | 00000ntm a22000003a 4500 | ||
|---|---|---|---|
| 001 | stuzp105828 | ||
| 003 | SK-STU | ||
| 005 | 20250607211742.1 | ||
| 007 | ta | ||
| 008 | 150427s2015----xo-----f-mn---000-0-slo-d | ||
| 040 | |a STU |b slo | ||
| 041 | 0 | |a slo | |
| 100 | 1 | |a Klein, Matúš |u 070400 |k Z4 |4 aut |U FIIT Fakulta informatiky a informačných technológií |T FIIT Ústav počítačového inžinierstva a aplikovanej informatiky |X 102989 |U I400 |Y 672 |7 102989 | |
| 242 | 0 | 1 | |a Architectures of information systems in intelligent transport systems |y eng |
| 245 | 1 | 0 | |a Architektúry informačných systémov v inteligentných dopravných systémoch |
| 260 | |c 2025 | ||
| 650 | 4 | |a platooning |2 eng | |
| 650 | 4 | |a autonomous vehicles |2 eng | |
| 650 | 4 | |a 5G |2 eng | |
| 650 | 4 | |a autonómne vozidlá |2 slo | |
| 650 | 4 | |a platooning |2 slo | |
| 650 | 4 | |a 5G |2 slo | |
| 700 | 1 | |a Bindas, Bystrík |u 070400 |k Z2 |4 ths |U FIIT Fakulta informatiky a informačných technológií |T FIIT Ústav počítačového inžinierstva a aplikovanej informatiky |X 99233 |U I400 |Y 672 |7 99233 | |
| 856 | 4 | |u http://is.stuba.sk/zp/portal_zp.pl?podrobnosti=184053 | |